000 00779nam a22001937a 4500
999 _c15435
_d15435
003 AR-CdUCM
008 190427b ||||| |||| 00| spa d
040 _aMUNICIPALIDAD PROVINCIAL DEL CUSCO
_cBIBLIOTECA MUNICIPAL DEL CUSCO
082 _a079.850 /
_bB72
100 _aBolo Hidalgo, Salomón.
_930707
245 _aEl periodista :
_bParia de la revolución?
260 _aLima :
_bEl gallo de oro,
_c1977.
300 _a155 páginas ;
_c17 cm.
505 _aContenido :Sugerencias para la libertad de prensa -- Importancia de la imprenta y el periodismo -- Filosofía sobre el momento actual -- El periodista peruano en los últimos ocho años -- Dos cartas ...
650 _aLiteratura
_9416
650 _aSiglo xx
_916688
942 _2ddc
_cLIBROS
945 _arum
_d2019-04-27